Assessment of the water level regime in a reservoir using a mathematical model

Enregistré dans:
Détails bibliographiques
Auteur principal: Pavlov, Dmitrii (Auteur)
Autres auteurs: Čubanová, Lea (Directeur de thèse)
Format: Manuscrit Livre
Langue:slovaque
anglais
Publié: 2025
Sujets:
Accès en ligne:http://is.stuba.sk/zp/portal_zp.pl?podrobnosti=181653
CRZP
Tags: Ajouter un tag
Pas de tags, Soyez le premier à ajouter un tag!

MARC

LEADER 00000ntm a22000003a 4500
001 stuzp104856
003 SK-STU
005 20250730145311.4
007 ta
008 150427s2015----xo-----f-mn---000-0-slo-d
040 |a STU  |b slo 
041 0 |a eng 
100 1 |a Pavlov, Dmitrii  |u 010170  |4 aut  |U SvF Stavebná fakulta  |T SvF Katedra hydrotechniky  |X 110441  |U V170  |Y 17  |7 110441 
242 0 1 |a Posúdenie hladinového režimu v nádrži pomocou matematického modelu  |y slo 
245 1 0 |a Assessment of the water level regime in a reservoir using a mathematical model 
260 |c 2025 
650 4 |a Reservoir modelling  |2 eng 
650 4 |a Flood analysis  |2 eng 
650 4 |a Manning roughness coefficient  |2 eng 
650 4 |a Analýza povodní  |2 slo 
650 4 |a Manningov súčiniteľ drsnosti  |2 slo 
650 4 |a Modelovanie nádrže  |2 slo 
700 1 |a Čubanová, Lea  |u 010170  |k Z1  |4 ths  |U SvF Stavebná fakulta  |T SvF Katedra hydrotechniky  |X 38291  |U V170  |Y 17  |7 A000038291 
856 4 |u http://is.stuba.sk/zp/portal_zp.pl?podrobnosti=181653 
856 4 |u https://opac.crzp.sk/?fn=detailBiblioForm&sid=226A7A544DA3649F6A5139E9F6D0  |z CRZP